Kivonat a tiszai ág. helv. evv. egyházkerület ... Kézsmárkon megtartott közgyülésének jegyzökönyvéből

Bibliographic Details
Format: Serial
Language:Hungarian
PhysicalDescription:zv. 27 cm
Published: S. L. s. n.

MARC

LEADER 00000nas a2200000 a 4500
001 vtls010284734
003 SK-MaSNL
005 20260221120515.0
008 110609duuuuuuuuxo ur1 0 b0hun c
040 |a SNK  |b slo  |c SNK  |e AACR2 
245 0 0 |a Kivonat a tiszai ág. helv. evv. egyházkerület ... Kézsmárkon megtartott közgyülésének jegyzökönyvéből 
260 |a S. L.  |b s. n. 
300 |a zv.  |b 27 cm 
500 |a Popis podľa r. 1886 
500 |a Súčasťou názvu je dátum 
999 |c 6262  |d 8192 
952 |0 0  |1 0  |4 0  |7 1  |8 3  |a SNK  |b SNK  |d 2011-06-09  |i snk2011/13268  |l 0  |o snkČSB 7815/1886  |p 17A0672388  |r 2026-02-21 20:06:25  |w 2026-02-21  |y NEVYP